00526nam a2200169Ia 4500003000900000008004100009020001800050040001600068080001500084100002100099245010800120260003300228300001300261650004100274650001800315650002300333IN-BaIIA211028s9999 xx 000 0 eng d a0-08-016893-0 cIIA Library a52-64bPOM aPomraning, G. C. 4aThe equations of radiation hydrodynamicscG. C. Pomraning  aOxfordbPergamon Pressc1973 ax, 288p. aAstronomy and astrophysics thesaurus aHydrodynamics aRadiative transfer